000 01122nam0a22002651 4500
001 rc\188363
005 20260406115255.0
035 _a(NLR Aleph) 005445836
090 _a4805915
_c4805915
100 _a20030307d1995 |||y0rusy50 ca
101 0 _arus
102 _aRU
105 _aa |||||||||
200 1 _aУправление техническим состоянием пути
_f[Н.И. Карпущенко, Г.А. Юрченко, Г.К. Щепотин и др.]
_gПод ред. Н.И. Карпущенко
_gСиб. гос. акад. путей сообщ.
210 _aНовосибирск
_cСГАПС
_d1995
215 _a204, [1] с.
_cил.
_d21
300 _aАвт. указаны на обороте тит. л.
320 _aБиблиогр.: с. 196-203 (123 назв.)
701 1 _aКарпущенко
_bН.И.
_gНиколай Иванович
712 0 2 _aСибирская академия путей сообщения
_cНовосибирск
_3RU\NLR\AUTH\8811542
_9295777
801 0 _aRU
_bNLR
_gpsbo
801 1 _aRU
_bELAR
_2rusmarc
852 _aNLR
_j95-3/8223
942 _cBOOK
980 _aNB